<?xml version="1.0" encoding="UTF-8"?><?xml-stylesheet type="text/xsl" href="static/style.xsl"?><OAI-PMH xmlns="http://www.openarchives.org/OAI/2.0/" xmlns:xsi="http://www.w3.org/2001/XMLSchema-instance" xsi:schemaLocation="http://www.openarchives.org/OAI/2.0/ http://www.openarchives.org/OAI/2.0/OAI-PMH.xsd"><responseDate>2026-04-14T14:57:10Z</responseDate><request verb="GetRecord" identifier="oai:uvadoc.uva.es:10324/51161" metadataPrefix="marc">https://uvadoc.uva.es/oai/request</request><GetRecord><record><header><identifier>oai:uvadoc.uva.es:10324/51161</identifier><datestamp>2022-01-05T21:49:34Z</datestamp><setSpec>com_10324_38</setSpec><setSpec>col_10324_852</setSpec></header><metadata><record xmlns="http://www.loc.gov/MARC21/slim" xmlns:doc="http://www.lyncode.com/xoai" xmlns:xsi="http://www.w3.org/2001/XMLSchema-instance" xmlns:dcterms="http://purl.org/dc/terms/" xsi:schemaLocation="http://www.loc.gov/MARC21/slim http://www.loc.gov/standards/marcxml/schema/MARC21slim.xsd">
<leader>00925njm 22002777a 4500</leader>
<datafield tag="042" ind1=" " ind2=" ">
<subfield code="a">dc</subfield>
</datafield>
<datafield tag="720" ind1=" " ind2=" ">
<subfield code="a">Palenzuela Herrero, Claudia</subfield>
<subfield code="e">author</subfield>
</datafield>
<datafield tag="260" ind1=" " ind2=" ">
<subfield code="c">2021</subfield>
</datafield>
<datafield tag="520" ind1=" " ind2=" ">
<subfield code="a">La aparición de la Covid-19 trajo consigo algunos cambios en el mercado laboral, siendo,&#xd;
quizás, el más llamativo la implantación del teletrabajo. Este término altamente vinculado&#xd;
con el trabajador autónomo, presenta ventajas e inconvenientes en su día a día. En cuanto&#xd;
a los beneficios que puede generar la nueva modalidad del teletrabajo con respecto a los&#xd;
empresarios y trabajadores, se suma la posibilidad de aumentar estos beneficios con la&#xd;
creación de una aplicación que mejorará las habilidades psicosociales de éstos,&#xd;
proporcionando modelos de organización y recursos que permitan la conciliación personal&#xd;
y laboral.</subfield>
</datafield>
<datafield tag="024" ind2=" " ind1="8">
<subfield code="a">https://uvadoc.uva.es/handle/10324/51161</subfield>
</datafield>
<datafield tag="245" ind1="0" ind2="0">
<subfield code="a">El teletrabajo: Impacto y posibilidades en los autónomos.</subfield>
</datafield>
</record></metadata></record></GetRecord></OAI-PMH>